Регионална библиотека "Любен Каравелов" - Русе

АРТ (Запис номер 291722)

MARC детайли
000 -Лидер
Контролно поле с фиксирана дължина 01247nas a2200325 c 4500
001 - Контролен номер на записа
Контролно поле 291722
003 - Код на организацията, давaща контролен номер
Контролно поле BLK
005 - Дата и час на последна редакция
Контролно поле 20240131162515.0
008 - Елементи от данни с фиксирана дължина
fixed length control field 180413b bul raner|||| |0| c1bulo|
010 ## - Наследен системен номер
LC control number PRD00002436000
022 ## - Международен стандартен номер на серия ISSN
Международният стандартен номер на серията ISSN 0861-6493
040 ## - Източник на каталожния запис
Идентификатор на билиотеката - собственик на записа BLK
041 ## - Код за език
Код за езика на текст/звукозапис или на отделно заглавие Български
Код за езика КДБФ Български
080 ## - УДК
Текстов определител УДК Литература на отделни езици и езикови семейства
УДК код - определител по УДК 821
УДК определител -1/-9
УДК - код + определител 821-1/-9
080 ## - УДК
Текстов определител УДК Цивилизация. Култура. Прогрес. История на културата вж 930.85
УДК код - определител по УДК 008
УДК - код + определител 008
110 1# - Редна дума - колетивен орган
Редна дума - наименование на организация или юридическо лице Фирма Куадро
Авторска отговорност (Описва отношението между автора и произведението) Ред. кол.: Явор Койнаков
9 (RLIN) 358171
245 10 - Сведения за заглавието
Заглавие АРТ
Подзаглавни данни Седмичник за култура
Редно поле (дума) Фирма Куадро ; Ред. кол.: Явор Койнаков
Дата на създаване на произведението Начална год. на издаване: Год. 1, № 1 (1991),
257 ## - Страна на издаване
Страна на създаване/издаване България
260 ## - Област на издателските данни
Име на издателя, разпространителя и проч. Фирма Куадро
Година на издаване 1991
Печатница печ. база при ТФ на СБХ
300 ## - Физическа характеристика
Размери/Мащаб 40
310 ## - Текуща периодчност на изданието
Срок за съхранение срок за съхранение: 99
380 ## - Жанр
Жанр Общ отдел
852 ## - Местоположение
Форматна сигнатура В 612
856 ## - Електронен адрес и достъп
Електронен формат pdf - файл
Път до файла /url/
856 ## - Електронен адрес и достъп
Електронен формат pdf - файл
Път до файла /url/
942 ## - АРТИКУЛИ
Вид на библиотечния материал Вестници
Скрит в OPAC Не
Периодичен библиозапис Да
Koha issues (borrowed), all copies 1
944 ## - СЪЗДАВАНЕ И РЕДАКЦИЯ на ЗАПИСА
Създаване/Редакция Създаване
Дата на регистрацията/редакция Вася_Ганчева
Служител, извършил регистрацията/редакцията 30550
Статус, дата на статуса Кети Илиева
944 ## - СЪЗДАВАНЕ И РЕДАКЦИЯ на ЗАПИСА
Създаване/Редакция Редакция
Служител, извършил регистрацията/редакцията 05.06.2014
999 ## - СИСТЕМНИ КОНТРОЛНИ НОМЕРА
Koha biblionumber 291722
Koha biblioitemnumber 291722
999 ## - СИСТЕМНИ КОНТРОЛНИ НОМЕРА
Koha biblioitemnumber 291722
Наличности
Код за отписване Код за изгубен артикул Източник на класификационната схема Код за повреда Коз за рестрикции Код за отдаване Артикулен № Име на библиотеката - собственик Име на библиотеката, в която се намира в момента Статус (Текущо местоположение) Дата на вписване в системата Местоположение - отдел Цена в лева Номерация (Хронология) Инвентарен номер Систематично азбучна сигнатура Баркод Номер на екземпляра Цена в евро Служебна бележка Служебен тип на артикула Бележка за публиката
  Не е изгубен Universal Decimal Classification Не е повреден без рестрикции ползва се в читалня 575739 Регионална библиотека "Любен Каравелов" Русе Регионална библиотека "Любен Каравелов" Русе Хранилище 1991-01-01 Хранилище 0.00 Обхват на том: 1-3,1-3,Прил.,1-33 596448 В 612 130000596448 1 0.00 Дост: Dp, Вид: Д, N: стар фонд, Годиш. инв.: 1-2, Дата инв: 05.06.2014, Бележки инв: Цб2014 Вестници Год. на изд.: 1991-1992, Липси: 2,3,7,10,11/1992
Vip Innovations Ltd, Rousse, Bulgaria 2025